000 00694nam a22002177a 4500
999 _c6300
_d6300
003 AR-CdUCM
008 190314b ||||| |||| 00| 0 spa d
040 _aMUNICIPALIDAD PROVINCIAL DEL CUSCO
_cBIBLIOTECA MUNICIPAL DEL CUSCO
082 _a869.56 /
_bP44
100 _aPérez Reinoso, Ramiro
_918064
245 _aLa imitación de la luz :
_bPoemas /
260 _aLima :
_bImpr. Lux,
_c1926.
300 _a119 páginas ;
_c17 cm.
500 _aDonación de la familia Nieto
505 _aContenido: Espacio -- Lapsos raudales -- Mujeres de los trópicos -- Sigurd ...
650 _aPoesías
_92272
650 _aPerú
_935
650 _aSiglo XX
_98
942 _2ddc
_cLIBROS
945 _acmm